000 00770cab a2200253 4500
001 ABS60280
008 090401t1999 xxu||||| |||| 00| 0 eng d
035 _a(Sirsi) u92292
041 _aeng
100 _aAtkins, R.
245 4 _aThe repair and conversion of Norton Park School, Edinburgh: a sustainable future for a historic building
260 _c1999
350 _a0
490 _aJournal of Architectural Conservation
_v(1) March 1999, 7-23(9)
650 _aEDINBURGH
650 _aHISTORIC BUILDINGS
650 _aNORWOOD PARK SCHOOL
650 _aBUILT ENVIRONMENT-BUILDING MAINTENANCE AND REFURBISHMENT
650 _aRESIDENTIAL CONVERSIONS
650 _aSCHOOL BUILDINGS
690 _aRefurbishment
_96264
942 _n0
948 _c23/03/1999
999 _c58521
_d58521